000 00714cam a2200253 4500
008 090401t1993 xxu||||| |||| 00| 0 eng d
020 _a0117528013
035 _a(Sirsi) u67168
041 _aeng
050 _a690.0212
110 _aUnited Kingdom
_bDepartment of the Environment
_9982
245 _aDigest of data for the construction industry. - January 1994
260 _aLondon
_bHMSO
_c1993
300 _a15,(86)p. ; 30cm.
350 _a10
650 _aBUILT ENVIRONMENT-BUILDING COSTS
650 _aBUILDING INDUSTRY
650 _aMINERALS PLANNING DECISIONS
650 _aPLANNING APPLICATIONS
650 _aSTATISTICS
690 _aBUILT ENVIRONMENT
942 _n0
948 _c04/03/1997
999 _c94976
_d94976